000 00301nam a2200133 i 4500
001 bg
100 1 _aLUNA, J. L.
245 0 _aVvedenie w teoriju giroskopov /
_cJ.L. Luna.
260 _aMoskwa,
_c1972.
040 _cBPK
041 _apol
942 _cKS
008 s pl f |000 0 pol
999 _c14548
_d14548
856 _uhttp://koha.tu.koszalin.pl/cgi-bin/koha/opac-detail.pl?biblionumber=14548
_yKatalog online BPK